000 00885nam a2200289Ia 4500
003 OSt
005 20220928131028.0
006 a|||||r|||| 00| 0
007 ta
008 220927b |||||||| |||| 00| 0 eng d
020 _c4176.9411
024 _a118352
037 _b83, 04/01/2013, Better Book Service
_cTextual
040 _aSDCL
_cSDCL
_beng
041 _2eng
_aeng
082 _aX:54, Q2
100 _aBowen Harry P
_9476827
245 0 _aApplied international trade.
250 _a2nd
260 _aHoundmills
_bPalgrave Macmillan
_c2012
300 _axxiii,544p.
_ccm.
650 _aBusiness Economics
_9391653
700 _a Hollander Abraham
_9476828
700 _a Viaene Jean-Marie
_9476829
942 _hX:54, Q2
_cTEXL
_2CC
999 _c789296
_d789296